| 000 | 00602nam a22002057a 4500 | ||
|---|---|---|---|
| 005 | 20231009131240.0 | ||
| 008 | 141114b xxu||||| |||| 00| 0 eng d | ||
| 041 | _aeng | ||
| 082 |
_a333.794 _bWAR 2014 |
||
| 100 | 0 |
_aWarda Ajaz _9118011 |
|
| 245 |
_aRenewable Energy Microfinancing in Rural Communities of Pakistan _cWarda Ajaz; supervised by Dr. Parvez Akhter |
||
| 260 | _c2014 | ||
| 300 |
_axlv, 108, pages _e+CD-ROM |
||
| 502 | _aThesis | ||
| 520 | _aTH-2 | ||
| 650 |
_aRenewable Resources _9118012 |
||
| 650 |
_aFinance _913793 |
||
| 700 | 1 |
_aDr.Akhter, Parvez _9118013 |
|
| 942 |
_cTHE _2ddc |
||
| 999 |
_c355498 _d355498 |
||